URL Based Phishing Detection Using a Hybrid Approach / (Record no. 536361)

000 -LEADER
fixed length control field 00504nam a22001577a 4500
020 ## - INTERNATIONAL STANDARD BOOK NUMBER
Qualifying information Hard Cover.
082 ## - DEWEY DECIMAL CLASSIFICATION NUMBER
Classification number 004
100 ## - MAIN ENTRY--PERSONAL NAME
Personal name Muhammad Salman.
245 ## - TITLE STATEMENT
Title URL Based Phishing Detection Using a Hybrid Approach /
Statement of responsibility, etc. Muhammad Salman.
260 ## - PUBLICATION, DISTRIBUTION, ETC.
Place of publication, distribution, etc. Islamabad :
Name of publisher, distributor, etc. CEME - NUST,
Date of publication, distribution, etc. 2017.
300 ## - PHYSICAL DESCRIPTION
Extent 49 p. : ill. ;
Dimensions 30cm.
650 ## - SUBJECT ADDED ENTRY--TOPICAL TERM
Topical term or geographic name entry element Computer Software Engineering-MS-Thessis.
700 ## - ADDED ENTRY--PERSONAL NAME
Personal name Dr. Usman Qamar.
942 ## - ADDED ENTRY ELEMENTS (KOHA)
Source of classification or shelving scheme
Koha item type Thesis
650 ## - SUBJECT ADDED ENTRY--TOPICAL TERM
-- 31477
700 ## - ADDED ENTRY--PERSONAL NAME
-- 18579
Holdings
Withdrawn status Lost status Source of classification or shelving scheme Damaged status Not for loan Permanent Location Current Location Shelving location Date acquired Total Checkouts Full call number Barcode Date last seen Price effective from Koha item type
          Central Library (CL) Central Library (CL) Thesis 10/14/2020   004 CL-T-383 10/14/2020 10/14/2020 Thesis
© 2023 Central Library, National University of Sciences and Technology. All Rights Reserved.